| 000 | 00787nam a22002297a 4500 | ||
|---|---|---|---|
| 003 | OSt | ||
| 005 | 20260512143759.0 | ||
| 008 | 260512b |||||||| |||| 00| 0 eng d | ||
| 020 | _a9780241735404 | ||
| 040 | _aKenya National Library Service | ||
| 082 | _a398.20943 GRI | ||
| 100 |
_aGrimm, Jacob, _eauthor. |
||
| 245 |
_aGrimms' fairy tales / _cJacob & Wilhelm Grimm. |
||
| 300 |
_a369 pages : _billustrations (black and white) ; _c20 cm. |
||
| 490 | _a Puffin classics. | ||
| 520 | _aA collection of classic fairy tales including Cinderella, Hansel and Gretel, Snow White, Rapunzel, and Rumpelstiltskin. | ||
| 650 |
_aFolklore _zGermany. |
||
| 700 |
_aGrimm, Wilhelm, _eauthor. |
||
| 942 |
_2ddc _cBK _n0 |
||
| 999 |
_c492720 _d492720 |
||